T. Burrow, M. B. Emeneau A Dravidian etymological dictionary : supplement. Oxford, Clarendon Press, 1968. : [review] /

Elmentve itt :
Bibliográfiai részletek
Szerző: Menges Karl Heinrich
További közreműködők: Burrow Thomas
Emeneau Murray Barnson
Dokumentumtípus: Cikk
Megjelent: Harrassowitz Wiesbaden 1970
Sorozat:Central Asiatic journal : international periodical for the languages, literature, history and archaeology of Central Asia;Central Asiatic journal : international periodical for the languages, literature, history and archaeology of Central Asia
Kulcsszavak:Dravida nyelv - szótár - etimológia - könyvismertetés, Dravida nyelvcsalád - etimológia - könyvismertetés
Tárgyszavak:
Online Access:http://misc.bibl.u-szeged.hu/61066
LEADER 01228nab a2200253 i 4500
001 misc61066
005 20241014090353.0
008 220802s1970 hu o 000 eng d
040 |a SZTE Miscellanea Repozitórium  |b hun 
041 |a eng 
100 1 |a Menges Karl Heinrich 
245 1 0 |a T. Burrow, M. B. Emeneau  |h [elektronikus dokumentum] :  |b A Dravidian etymological dictionary : supplement. Oxford, Clarendon Press, 1968. : [review] /  |c  Menges Karl Heinrich 
260 |a Harrassowitz  |b Wiesbaden  |c 1970 
300 |a 236-237  |c 24 cm 
300 |a [2] p.  |c 24 cm 
490 0 |a Central Asiatic journal : international periodical for the languages, literature, history and archaeology of Central Asia;Central Asiatic journal : international periodical for the languages, literature, history and archaeology of Central Asia 
561 |a Németh Gyula hagyaték 
591 |a NOV 3636 
650 4 |a Bölcsészettudományok 
650 4 |a Nyelvek és irodalom 
695 |a Dravida nyelv - szótár - etimológia - könyvismertetés, Dravida nyelvcsalád - etimológia - könyvismertetés 
700 0 1 |a Burrow Thomas 
700 0 1 |a Emeneau Murray Barnson 
856 4 0 |u http://misc.bibl.u-szeged.hu/61066/1/3636_nov_m53.pdf  |z Dokumentum-elérés